| 000 | 01096cam a22002657i 4500 | ||
|---|---|---|---|
| 999 |
_c14131 _d14131 |
||
| 003 | OSt | ||
| 005 | 20260210172717.0 | ||
| 008 | 141029s2015 dcua b 001 0 eng c | ||
| 020 | _a9781610914611 | ||
| 082 | _a388.47 | ||
| 100 | 1 |
_aWillson, Richard W., _eauthor. |
|
| 245 | 1 | 0 |
_aParking management for smart growth / _cRichard W. Willson. |
| 300 |
_axvi, 232 pages : _billustrations ; _c26 cm |
||
| 504 | _aIncludes bibliographical references (pages 217-220) and index. | ||
| 530 | _aAlso available online. | ||
| 650 | 0 |
_aAutomobile parking _xPlanning. |
|
| 650 | 0 |
_aParking facilities _xPlanning. |
|
| 650 | 0 | _aCity planning. | |
| 856 | 4 | 2 |
_3Contributor biographical information _uhttp://www.loc.gov/catdir/enhancements/fy1602/2014955500-b.html |
| 856 | 4 | 2 |
_3Publisher description _uhttp://www.loc.gov/catdir/enhancements/fy1602/2014955500-d.html |
| 856 | 4 | 1 |
_3Table of contents only _uhttp://www.loc.gov/catdir/enhancements/fy1602/2014955500-t.html |
| 906 |
_a7 _bcbc _cpccadap _d2 _encip _f20 _gy-gencatlg |
||
| 942 | _2ddc | ||